000 00590nam a2200229Ia 4500
003 OSt
005 20220918212137.0
006 a|||||r|||| 00| 0
007 ta
008 220917b |||||||| |||| 00| 0 eng d
024 _a127,438
037 _cTextual
040 _aARTS
_cARTS
_beng
041 _2eng
_aeng
082 _aW6.6.N7, M8.2
100 _aDiamond
_9122653
245 0 _aDemocracy in developing Countries
260 _aBoulder
_bLynne
_c1988
650 _aPOLITICAL SCIENCE
942 _hW6.6.N7, M8.2
_cTEXL
_2CC
999 _c250580
_d250580